Loading...
| Mythology | 0 | 4 | 1 | 0 | 35 | 60 | 110.50 | 0 | 2 |
| History - Other History | 0 | 3 | 0 | 0 | 30 | 121 | 123.67 | 0 | 1 |
| Philosophy | 0 | 2 | 0 | 0 | 20 | 123 | 128.50 | 0 | 0 |
| History - American History | 0 | 2 | 0 | 1 | 20 | 128 | 128.50 | 0 | 0 |
| History - European History | 0 | 2 | 1 | 0 | 15 | 119 | 132.00 | 0 | 0 |
| Science - Biology | 0 | 1 | 0 | 0 | 10 | 64 | 64.00 | 1 | 1 |
| Literature - World Literature | 0 | 1 | 0 | 0 | 10 | 140 | 140.00 | 0 | 0 |
| Religion | 0 | 1 | 1 | 1 | 5 | 128 | 128.00 | 0 | 0 |
| Fine Arts - Classical Music | 0 | 0 | 1 | 0 | -5 | 0.00 | 0 | 0 | |
| Fine Arts - Other Fine Arts | 0 | 0 | 1 | 0 | -5 | 0.00 | 0 | 0 | |
| Fine Arts - Painting & Sculpture | 0 | 0 | 1 | 0 | -5 | 0.00 | 0 | 0 | |
| Social Science | 0 | 0 | 1 | 0 | -5 | 0.00 | 0 | 0 | |
| History - World History | 0 | 0 | 3 | 0 | -15 | 0.00 | 0 | 0 |